Le scienze politiche nello stato moderno (Record no. 183433)

MARC details
000 -LEADER
campo de control de longitud fija 01145nam a2200241 i 4500
001 - NÚMERO DE CONTROL
campo de control 183433
003 - IDENTIFICADOR DE NÚMERO DE CONTROL
campo de control ES-MaACL
005 - FECHA Y HORA DE LA ÚLTIMA TRANSACCIÓN
campo de control 20230906221906.0
008 - DATOS DE LONGITUD FIJA--INFORMACIÓN GENERAL
campo de control de longitud fija 140422s1884 it |||| | ita d
100 1# - ENTRADA PRINCIPAL--NOMBRE DE PERSONA
Nombre de persona Brunialti, Attilio.
9 (RLIN) 32183
245 13 - MENCIÓN DEL TÍTULO
Título Le scienze politiche nello stato moderno
Resto del título ; La democrazia /
Mención de responsabilidad, etc. A. Brunialti. La democrazia in Europa / Erskine May. [La democrazia in America / Tocqueville].
260 ## - PUBLICACIÓN, DISTRIBUCIÓN, ETC.
Lugar de publicación, distribución, etc. Torino :
Nombre del editor, distribuidor, etc. Unione Tipografico-Editrice,
Fecha de publicación, distribución, etc. 1884.
300 ## - DESCRIPCIÓN FÍSICA
Extensión 211, 687, 733 p. ;
Dimensiones 24 cm.
490 1# - MENCIÓN DE SERIE
Mención de serie Biblioteca di scienze politiche: scelta collezione delle più importanti opere moderne italiane e straniere di scienze politiche / diretta da Attilio Bruniati ;
Designación de volumen o secuencia 1
700 1# - ENTRADA AGREGADA--NOMBRE PERSONAL
Nombre de persona May, Thomas Erskine.
9 (RLIN) 129753
700 0# - ENTRADA AGREGADA--NOMBRE PERSONAL
Nombre de persona Tocqueville, Alexis de.
9 (RLIN) 110392
740 3# - ENTRADA AGREGADA--TÍTULO RELACIONADO/ANALÍTICO NO CONTROLADO
Título relacionado o analítico no controlado La democrazia.
740 0# - ENTRADA AGREGADA--TÍTULO RELACIONADO/ANALÍTICO NO CONTROLADO
Título relacionado o analítico no controlado La democrazia in Europa.
740 3# - ENTRADA AGREGADA--TÍTULO RELACIONADO/ANALÍTICO NO CONTROLADO
Título relacionado o analítico no controlado La democrazia in America.
830 0# - PUNTO DE ACCESO ADICIONAL DE SERIE-TÍTULO UNIFORME
Título uniforme Biblioteca di scienze politiche: scelta collezione delle più importanti opere moderne italiane e straniere di scienze politiche / diretta da Attilio Bruniati ;
Designación de volumen o secuencia 1
9 (RLIN) 224977
852 ## - LOCALIZACIÓN
Ubicación ES-MaACL
Número de control de estantería B-9313
Holdings
Estatus retirado Estado de pérdida Estado de daño No para préstamo Colección Biblioteca de origen Biblioteca actual Ubicación en estantería Fecha de adquisición Fuente de adquisición Total de préstamos Signatura topográfica completa Código de barras Visto por última vez Precio de reemplazo Tipo de ítem Koha
        Libros del s. XIX Biblioteca del Ateneo de Madrid Biblioteca del Ateneo de Madrid Sala Pardo Bazán 22/04/2014     B-9313 1192800 23/02/2023 23/02/2023 Libro impreso antiguo